000 00386nam a2200145Ia 4500
008 220217s9999||||xx |||||||||||||| ||und||
020 _a81-7808-577-1
082 _a621.395 WAK
100 _aWakerly, john F.
_92396
245 0 _aDigital design
250 _a3rd
260 _aPearson education asia
_bNew Delhi
_c2002
300 _b350
650 _aDIGITAL DESIGN/LOGIC DESIGN
999 _c170696
_d170696